[Event "SLO-chT2 West"]
[Site "Komenda"]
[Date "2016.11.13"]
[Round "5.4"]
[White "Leben, Dusan"]
[Black "Siraj, Dejan"]
[Result "1-0"]
[WhiteElo "1879"]
[BlackElo "1886"]
[PlyCount "68"]
[EventDate "2016.11.11"]
[EventType "team-tourn"]
[EventRounds "9"]
[EventCountry "SLO"]
[SourceTitle "EXT 2019"]
[Source "ChessBase"]
[SourceDate "2018.10.10"]
[SourceVersion "1"]
[SourceVersionDate "2018.10.10"]
[SourceQuality "1"]
[WhiteTeam "Trzin"]
[BlackTeam "Loska Dolina"]
[WhiteTeamCountry "SLO"]
[BlackTeamCountry "SLO"]

1. e4 e5 2. Nf3 Nc6 3. Bb5 f5 4. Bxc6 dxc6 5. Nxe5 Qd4 6. Qh5+ g6 7. Nxg6 hxg6 8. Qxg6+ Kd8 9. d3 Ne7 10. Qg3 fxe4 11. 0-0 Rg8 12. Qe3 Qxe3 13. fxe3 exd3 14. cxd3 Bh6 15. e4 Bxc1 16. Rxc1 Bh3 17. Rc2 Kd7 18. Rf2 Rg7 19. Nc3 Rag8 20. g3 Ng6 21. Ne2 Ke7 22. Rc1 Rf8 23. Rc2 Rgf7 24. Nc1 Ne5 25. Rxf7+ Rxf7 26. Rf2 Nf3+ 27. Kh1 Ne1 28. Kg1 Rf3 29. Rxf3 Nxf3+ 30. Kh1 Ke6 31. Ne2 Ke5 32. Nf4 Bf1 33. h4 Kd4 34. Ne6+ Kxd3 1-0

[Event "SLO-ch U18"]
[Site "Celje"]
[Date "2004.03.06"]
[Round "7"]
[White "Siraj, Dejan"]
[Black "Stajner, Samo"]
[Result "0-1"]
[WhiteElo "1631"]
[BlackElo "2100"]
[PlyCount "82"]
[EventDate "2004.02.22"]
[EventType "swiss"]
[EventRounds "9"]
[EventCountry "SLO"]
[SourceTitle "EXT 2008"]
[Source "ChessBase"]
[SourceDate "2007.11.25"]
[SourceVersion "1"]
[SourceVersionDate "2007.11.25"]
[SourceQuality "1"]

1. e4 c5 2. Nf3 d6 3. Bb5+ Bd7 4. Bxd7+ Qxd7 5. 0-0 Nc6 6. c3 Nf6 7. Re1 g6 8. d4 cxd4 9. cxd4 Bg7 10. Nc3 0-0 11. h3 Rfd8 12. Be3 d5 13. e5 Ne4 14. Bd2 Nxc3 15. Bxc3 b5 16. Rc1 Rdc8 17. Bd2 Rc7 18. Rc5 Nxd4 19. Rxc7 Nxf3+ 20. Qxf3 Qxc7 21. e6 f5 22. Bf4 Qc6 23. Qa3 Bf6 24. Qe3 d4 25. Qb3 Qc4 26. Qf3 Rd8 27. Qb7 d3 28. Qc7 Qxc7 29. Bxc7 d2 30. Rd1 Rc8 31. Bf4 Bxb2 32. Rxd2 Bc1 33. Rd4 Bxf4 34. Rxf4 Rc1+ 35. Kh2 Rc6 36. Rb4 a6 37. a4 Rc4 38. Rb2 Rxa4 39. Rd2 Re4 40. Rd8+ Kg7 41. Ra8 Rxe6 0-1